000 00326nam a22001457a 4500
020 _a978-1-84646-983-1
082 _a823
_bSOU/J
100 _aSOUTHGATE, VERA
245 _aJACK AND THE BEANSTALK
260 _aLONDON
_bUK
300 _a36
520 _aENGLISH SHORT STORY
650 _aENGLISH SHORT STORY
_zUK
942 _cBK
999 _c4924
_d4924